Le tiers monde entre i'est et i'ouest : Vivre en dollars, voter en roubles

Na minha lista:
Detalhes bibliográficos
Autor principal: Jolly, Richard
Formato: Livro
Idioma:Undetermined
Publicado em: Paris La table ronde 1964
Assuntos:
Tags: Adicionar Tag
Sem tags, seja o primeiro a adicionar uma tag!
Thư viện lưu trữ: Trung tâm Học liệu Trường Đại học Cần Thơ
LEADER 00614nam a2200193Ia 4500
001 CTU_105292
008 210402s9999 xx 000 0 und d
082 |a 332.4 
082 |b J75 
100 |a Jolly, Richard 
245 0 |a Le tiers monde entre i'est et i'ouest : 
245 0 |b Vivre en dollars, voter en roubles 
245 0 |c Richard Jolly 
260 |a Paris 
260 |b La table ronde 
260 |c 1964 
650 |a Developing countries,Communist strategy,World politics 
904 |i Hiếu (sửa số pl 332.4/L118 thành 332.4/J75) 
980 |a Trung tâm Học liệu Trường Đại học Cần Thơ